| 000 | 02366nam0a2200373 4500 | ||
|---|---|---|---|
| 001 | RU\NLR\bibl\553786 | ||
| 005 | 20260405161925.0 | ||
| 010 |
_a5-238-00714-0 _920000 |
||
| 021 |
_aRU _b2004-47999 _92366 |
||
| 035 | _a(NLR Aleph) 000545944 | ||
| 090 |
_a1442315 _c1442315 |
||
| 100 | _a20040917d2004 |||y0rusy50 ca | ||
| 101 | 0 | _arus | |
| 102 | _aRU | ||
| 105 | _aa ||||||||| | ||
| 200 | 1 |
_aЭкономическая теория. Трансформирующая экономика _eУчеб. пособие для студентов вузов, обучающихся по спец. экономики и упр. (060000) _f[Д.э.н., проф. И.П. Николаева, кандидаты экон. наук, доценты Т.Н. Волкова, Р.В. Бубликова] _gПод ред. д.э.н., проф. И.П. Николаевой |
|
| 210 |
_aМ. _cЮнити _d2004 |
||
| 215 |
_a447 с. _cил. _d20 |
||
| 320 | _aБиблиогр. в подстроч. прим. | ||
| 517 | 0 | _aТрансформирующая экономика | |
| 606 | 0 |
_aЭкономика _jРуководства, пособия и т.п. для высшей школы _xТеория _91565397 _3RU\NLR\auth\66985247 |
|
| 606 | 0 |
_aЭкономика _jУчебные издания для высших учебных заведений _xТеория _91565397 _3RU\NLR\auth\66985247 |
|
| 606 | 0 |
_aТранзитивная экономика _jРуководства, пособия и т.п. для высшей школы _yРоссийская Федерация _92120430 _3RU\NLR\auth\661280483 |
|
| 606 | 0 |
_aТранзитивная экономика _jУчебные издания для высших учебных заведений _yРоссийская Федерация _92120430 _3RU\NLR\auth\661280483 |
|
| 686 | _aУ010я73 | ||
| 686 | _aУ9(2)-17(2Р)я73 | ||
| 701 | 1 |
_4340 _8rus _7ca _aНиколаева _bИ. П. _cд-р экон. наук, макроэкономика _f1939- _gИрина Павловна _3RU\NLR\AUTH\7727866 _910897 |
|
| 701 | 1 |
_4070 _8rus _7ca _aВолкова _bТ. Н. _cканд. экон. наук _gТатьяна Николаевна _3RU\NLR\auth\7768322 _951250 |
|
| 701 | 1 |
_aБубликова _bР. В. _4070 |
|
| 801 | 0 |
_aRU _bNLR _c20040917 _gPSBO |
|
| 801 | 1 |
_aRU _bNLR _c20040917 |
|
| 942 | _cBOOK | ||
| 980 | _aNB | ||